American Immigration. (Record no. 650)

MARC details
000 -LEADER
fixed length control field 00347nam a22001217a 4500
005 - DATE AND TIME OF LATEST TRANSACTION
control field 20200817114324.0
008 - FIXED-LENGTH DATA ELEMENTS--GENERAL INFORMATION
fixed length control field 200817b ||||| |||| 00| 0 eng d
020 ## - INTERNATIONAL STANDARD BOOK NUMBER
International Standard Book Number 024192
040 ## - CATALOGING SOURCE
Transcribing agency CML
245 ## - TITLE STATEMENT
Title American Immigration.
Statement of responsibility, etc. Jone, M.A.
260 ## - PUBLICATION, DISTRIBUTION, ETC.
Place of publication, distribution, etc. The University of Chicago Press
Name of publisher, distributor, etc. Chicago
Date of publication, distribution, etc. 1960
942 ## - ADDED ENTRY ELEMENTS (KOHA)
Source of classification or shelving scheme Dewey Decimal Classification
Koha item type Books
Classification part 325.73
Call number suffix JON
Holdings
Withdrawn status Lost status Source of classification or shelving scheme Damaged status Not for loan Collection code Home library Current library Shelving location Date acquired Total Checkouts Full call number Date last seen Price effective from Koha item type
    Dewey Decimal Classification     Social Sciences Chalimbana Main Library Chalimbana Main Library Social Sciences 08/17/2020   325.73 JON 08/17/2020 08/17/2020 Books

Powered by Koha